Statistics for Harry Potter and the Chamber of Secrets Chapter Titles

Click here to take the quiz!

General Stats

  • This quiz has been taken 145 times
  • The average score is 14 of 18

Answer Stats

Chapter #ClueAnswer% Correct
3The Weasleys have the best house everThe Burrow
95%
5Harry and Ron encounter a maniac tree on Hogwarts groundsThe Whomping Willow
91%
6We learn the new Defense Against the Dark Arts teacher is a MORON and his favorite color is lilacGilderoy Lockhart
90%
16Harry and Ron find the entrance to a hidden room in HogwartsThe Chamber of Secrets
89%
12The trio go through a lot of trouble to get inside the Slytherin common roomThe Polyjuice Potion
88%
15The chapter in which Ron's arachnophobia is completely justifiedAragog
87%
8"Who would want to celebrate the day they died?"The Deathday Party
87%
1The Dursleys prove they care nothing about Harry turning 12The Worst Birthday
82%
14The Minister of Magic comes to visitCornelius Fudge
78%
11Everyone freaks out because Harry talks to a snake!The Dueling Club
73%
10Harry starts a tradition of getting injured in Quidditch matchesThe Rogue Bludger
71%
17Teenage Voldemort! Also, we're introduced to J.K. Rowling's love of anagramsThe Heir of Slytherin
70%
2An odd looking magical creature is in love with Harry PotterDobby's Warning
69%
9A threatening message written in blood? A cat turned into a statue? I'm sure it's nothingThe Writing on the Wall
69%
18Now the odd looking magical creature REALLY loves HarryDobby's Reward
67%
4Rumble at the bookstore!At Flourish and Blott's
66%
7Ron vomits slugs and Harry hears voicesMudbloods and Murmurs
63%
13Harry discovers a journal with a mind of its ownThe Very Secret Diary
62%

Score Distribution

Percentile by Number Answered

Percent of People with Each Score

Your Score History

You have not taken this quiz